| 000 | 00446nam a22001217a 4500 | ||
|---|---|---|---|
| 999 |
_c6954 _d6954 |
||
| 008 | 200408b ||||| |||| 00| 0 eng d | ||
| 020 | _a9987-449-31-X | ||
| 245 |
_aMillennium Development Goals: _bProgress Report/ _cMinistry of Planning, Economy and Empowerment, _hEnglish. |
||
| 260 |
_aDar Es Salaam: _bMinistry of Planning, Economy and Empowerment, _c2006. |
||
| 300 |
_aviii, 32p; _bill; _c29cm.- |
||
| 650 | _2DEVELOPMENT GOALS | ||
| 942 |
_2ddc _cBOOKS |
||